000 00790nam a2200277Ia 4500
003 OSt
005 20221005043603.0
006 a|||||r|||| 00| 0
007 ta
008 221004b |||||||| |||| 00| 0 eng d
020 _a0586065369
024 _a37090
037 _cTextual
040 _aCRL
_cCRL
_beng
041 _2eng
_aeng
082 _aO111,3M99,DS, M6
100 _aHemingway Ernest
110 _aGift from Prof Amitava Banerjee, England
_9579674
245 0 _aDangerous summer
260 _aGreat
_bBritain Hamish Hamilton
_c1985
300 _a184p.
_ccm.
650 _aENGLISH LITERATURE
700 _aGift from Prof Amitava Banerjee, England
_9579675
942 _hO111,3M99,DS, M6
_cTEXL
_2cc
999 _c952118
_d952118